| Tag |
First Indicator |
Second Indicator |
Subfields |
| LEADER |
00000cam a22000003i 4500 |
| 001 |
in00002503571 |
| 005 |
20190327173455.0 |
| 006 |
m||||||||d|||||||| |
| 007 |
cr |n ---||a|a |
| 008 |
030325s2003 nyua s 001|0aeng d |
| 010 |
|
|
|a 2003046581
|
| 020 |
|
|
|a 1586481576
|
| 035 |
|
|
|a (VaAlASP)ASPS00017216/bltc
|
| 040 |
|
|
|a DLC
|c DLC
|d DLC
|d VaAlASP
|d UtOrBLW
|
| 043 |
|
|
|a n-us---
|
| 050 |
0 |
0 |
|a E185.97.H444
|b A3 2003
|
| 082 |
0 |
0 |
|a 323/.092
|a B
|2 21
|
| 100 |
1 |
|
|a Height, Dorothy I.
|q (Dorothy Irene),
|d 1912-2010.
|
| 245 |
1 |
0 |
|a Open wide the freedom gates :
|b a memoir /
|c Dorothy Height ; with a foreword by Maya Angelou.
|
| 250 |
|
|
|a 1st ed.
|
| 264 |
|
1 |
|a New York :
|b PublicAffairs,
|c [2003]
|
| 264 |
|
4 |
|c ©2003
|
| 300 |
|
|
|a xi, 322 pages :
|b illustrations ;
|c 25 cm.
|
| 336 |
|
|
|a text
|b txt
|2 rdacontent
|
| 337 |
|
|
|a computer
|b c
|2 rdamedia
|
| 338 |
|
|
|a online resource
|b cr
|2 rdacarrier
|
| 500 |
|
|
|a Includes index.
|
| 533 |
|
|
|a Electronic reproduction.
|b Alexandria, VA :
|c Alexander Street Press,
|d 2007.
|f (Black thought and culture).
|n Available via World Wide Web.
|
| 500 |
|
|
|a Electronic resource.
|
| 600 |
1 |
0 |
|a Height, Dorothy I.
|q (Dorothy Irene),
|d 1912-2010.
|
| 610 |
2 |
0 |
|a National Council of Negro Women
|v Biography.
|
| 650 |
|
0 |
|a African American women civil rights workers
|v Biography.
|
| 650 |
|
0 |
|a Civil rights workers
|z United States
|v Biography.
|
| 650 |
|
0 |
|a African Americans
|x Civil rights
|x History
|y 20th century.
|
| 650 |
|
0 |
|a African Americans
|x Social conditions
|y 1964-1975.
|
| 650 |
|
0 |
|a African Americans
|x Social conditions
|y 1975-
|
| 655 |
|
0 |
|a Electronic books.
|
| 776 |
1 |
|
|c Original
|z 1586481576
|w (DLC) 2003046581
|
| 830 |
|
0 |
|a Black thought and culture.
|
| 856 |
4 |
0 |
|z Connect to the full text of this electronic book
|u http://proxy.library.tamu.edu/login?url=http://www.aspresolver.com/aspresolver.asp?BLTC;S17216
|t 0
|
| 999 |
|
|
|a MARS
|
| 999 |
f |
f |
|s b03db8ab-8685-3c04-bb96-32e671b5a5ae
|i 75772da0-2411-35f7-86c4-ebb154d939fb
|t 0
|
| 952 |
f |
f |
|a Texas A&M University
|b College Station
|c Electronic Resources
|d Available Online
|t 0
|e E185.97.H444 A3 2003
|h Library of Congress classification
|
| 998 |
f |
f |
|a E185.97.H444 A3 2003
|t 0
|l Available Online
|